La crisis mundial de la educación / (Record no. 47257)
[ view plain ]
| 000 -LEADER | |
|---|---|
| campo de control de longitud fija | 00611nam a2200193 i 4500 |
| 001 - NÚMERO DE CONTROL | |
| campo de control | 47257 |
| 003 - IDENTIFICADOR DE NÚMERO DE CONTROL | |
| campo de control | ES-MaACL |
| 007 - CAMPO FIJO DE DESCRIPCIÓN FÍSICA--INFORMACIÓN GENERAL | |
| campo de control de longitud fija | t| |
| 008 - DATOS DE LONGITUD FIJA--INFORMACIÓN GENERAL | |
| campo de control de longitud fija | 030404s1975 sp ||||1| spa d |
| 100 1# - ENTRADA PRINCIPAL--NOMBRE DE PERSONA | |
| Nombre de persona | Coombs, Philip H. |
| 9 (RLIN) | 40372 |
| 245 13 - MENCIÓN DEL TÍTULO | |
| Título | La crisis mundial de la educación / |
| Mención de responsabilidad, etc. | Philip H. Coombs ; [traducción de Montserrat Solanas]. |
| 250 ## - MENCION DE EDICION | |
| Mención de edición | 3ª ed. |
| 300 ## - DESCRIPCIÓN FÍSICA | |
| Extensión | 331 p. ; |
| Dimensiones | 20 cm. |
| 490 1# - MENCIÓN DE SERIE | |
| Mención de serie | Historia, ciencia, sociedad ; |
| Designación de volumen o secuencia | 82 |
| 700 1# - ENTRADA AGREGADA--NOMBRE PERSONAL | |
| Nombre de persona | Solanas, Montserrat. |
| 9 (RLIN) | 107075 |
| 830 00 - PUNTO DE ACCESO ADICIONAL DE SERIE-TÍTULO UNIFORME | |
| Título uniforme | Historia, ciencia, sociedad (Península) |
| Designación de volumen o secuencia | 82 |
| 9 (RLIN) | 177444 |
| 852 ## - LOCALIZACIÓN | |
| Ubicación | ES-MaACL |
| Número de control de estantería | E-6891 |
| Sublocalización o colección | R.91505 |
| Estatus retirado | Estado de pérdida | Estado de daño | No para préstamo | Biblioteca de origen | Biblioteca actual | Ubicación en estantería | Fecha de adquisición | Fuente de adquisición | Total de préstamos | Signatura topográfica completa | Código de barras | Visto por última vez | Precio de reemplazo | Tipo de ítem Koha |
|---|---|---|---|---|---|---|---|---|---|---|---|---|---|---|
| Biblioteca del Ateneo de Madrid | Biblioteca del Ateneo de Madrid | Depósito 2 | 17/01/2008 | E-6891 | 1049703 | 23/02/2023 | 23/02/2023 | Libro impreso |
